Universal intelligent source coding detector UISCD / (Record no. 183535)

000 -LEADER
fixed length control field 00751 a2200193 4500
003 - CONTROL NUMBER IDENTIFIER
control field NUST
005 - DATE AND TIME OF LATEST TRANSACTION
control field 20251113172138.0
040 ## - CATALOGING SOURCE
Transcribing agency Nust
082 ## - DEWEY DECIMAL CLASSIFICATION NUMBER
Classification number 621.382,BOK
100 ## - MAIN ENTRY--PERSONAL NAME
Personal name Bokhari, GC Zarr Ali (TCC-14)
9 (RLIN) 131349
245 ## - TITLE STATEMENT
Title Universal intelligent source coding detector UISCD /
Statement of responsibility, etc. GC Ali Zarr Bokhari, GC M. Umar Hakim, GC Mufassir Abdur Rahim and GC Aamir Sohail.
260 ## - PUBLICATION, DISTRIBUTION, ETC.
Place of publication, distribution, etc. Rawalpindi
Name of publisher, distributor, etc. MCS (NUST)
Date of publication, distribution, etc. 2006
300 ## - PHYSICAL DESCRIPTION
Extent 169 p.;
505 ## - FORMATTED CONTENTS NOTE
Formatted contents note Introduction to Information Theory (Page- 12), Data Compression Technique (Page-27),Artificial Neural Networks (Page-88),Our Approach and Results (Page-125).
650 ## - SUBJECT ADDED ENTRY--TOPICAL TERM
Topical term or geographic name entry element UG Projects
9 (RLIN) 98716
651 ## - SUBJECT ADDED ENTRY--GEOGRAPHIC NAME
Geographic name TCC-14
9 (RLIN) 131350
700 ## - ADDED ENTRY--PERSONAL NAME
Personal name Supervised by Maj Imran Rasheed
9 (RLIN) 131896
942 ## - ADDED ENTRY ELEMENTS (KOHA)
Source of classification or shelving scheme
Koha item type Project Report
Holdings
Withdrawn status Lost status Source of classification or shelving scheme Damaged status Not for loan Permanent Location Current Location Shelving location Date acquired Full call number Barcode Date last seen Price effective from Koha item type Public note
          Military College of Signals (MCS) Military College of Signals (MCS) Reference 12/12/2016 621.382,BOK MCSPTC-69 12/08/2016 12/12/2016 Project Report Almirah No. 94, Shelf No. 2
          Military College of Signals (MCS) Military College of Signals (MCS) Reference 12/12/2016 621.382,BOK MCSPTE-131 12/08/2016 12/12/2016 Project Report  
© 2023 Central Library, National University of Sciences and Technology. All Rights Reserved.